A baker's dozen : we were thirteen : the Caseys of Tuscola, Taylor County, Texas /

Bibliographic Details
Main Author: Casey, Clifford Bryan, 1897-
Format: Book
Language:English
Published: Seagraves, Tex. : Pioneer Book Publishers, [1974]
Subjects:

MARC

Tag First Indicator Second Indicator Subfields
LEADER 00000cam a2200000 a 4500
001 in00000096487
005 20150923174105.0
008 790905s1974 txua 00110 engm
010 |a  79313248  
035 |a (OCoLC)01373623 
035 |9 AAK8614AM 
040 |a DLC  |c DLC  |d TXA  |d UtOrBLW 
043 |a n-us---  |a n-us-tx 
049 |a TXAM  |c [1806199] 
050 0 0 |a CS71 C337  |b  1974 
082 0 |a 929/.2/0973 
100 1 |a Casey, Clifford Bryan,  |d 1897- 
245 1 2 |a A baker's dozen :  |b we were thirteen : the Caseys of Tuscola, Taylor County, Texas /  |c by Clifford B. Casey. 
264 1 |a Seagraves, Tex. :  |b Pioneer Book Publishers,  |c [1974] 
264 4 |c ©1974 
300 |a ix, 252 pages :  |b illustrations ;  |c 28 cm. 
336 |a text  |b txt  |2 rdacontent 
337 |a unmediated  |b n  |2 rdamedia 
338 |a volume  |b nc  |2 rdacarrier 
500 |a On spine: The Caseys of Tuscola, Taylor County, Texas. 
500 |a Includes index. 
600 3 0 |a Casey family. 
651 0 |a Taylor County (Tex.)  |x History. 
999 |a MARS 
999 f f |s 0c753e5b-df86-3048-8179-e8044157edcb  |i 6ced77e4-82b2-37ad-b517-71db1d3b218e  |t 0 
952 f f |p ric  |a Texas A&M University  |b Rellis Campus  |c Joint Library Facility  |d Remote Storage  |t 0  |e CS71.C337 1974  |h Library of Congress classification  |i unmediated -- volume  |m A14806037549 
998 f f |a CS71.C337 1974  |t 0  |l Remote Storage